00202nam a22000977a 4500003000400000082001600004100002100020245002300041260003200064300000800096SGT a612.3bN16S aSRILAKASHMI, B.  aNUTRITION SCIENCE  aINDIA bNEW AGE PUB. c2016 a543